000 00552nam a2200241Ia 4500
005 20260320201112.0
008 008 262003s9999 xx 000 0 eng d
037 _aEBOOK
040 _aCRL
040 _beng
040 _cCRL
041 _2eng
041 _aeng
084 _qCRL
100 _aMedard
_91134249
245 0 _aNetwork Coding for Engineers
260 _bIEEE
260 _c2025
856 _uhttps://ieeexplore.ieee.org/servlet/opac?bknumber=10912796
942 _cEBOOK
999 _c1718888
_d1718888